书目信息 |
| 题名: |
炼油厂装置平面布置及管道设计
|
|
| 作者: | 张德姜 , 柯松林 , 唐永进 主编 | |
| 分册: | ||
| 出版信息: | 北京 中国石化出版社 2017.4 |
|
| 页数: | 372页 | |
| 开本: | 21cm | |
| 丛书名: | 炼油厂设计与工程丛书 | |
| 单 册: | ||
| 中图分类: | TE681 | |
| 科图分类: | ||
| 主题词: | 炼油厂--装置--平面布置 , 炼油厂--管线设计 | |
| 电子资源: | ||
| ISBN: | 978-7-5114-3865-2 | |
| 000 | 00984oam2 2200289 450 | |
| 001 | 0400004508 | |
| 005 | 20171024101449.0 | |
| 010 | @a978-7-5114-3865-2@dCNY45.00 | |
| 100 | @a20170802d2017 em y0chiy50 ea | |
| 101 | 0 | @achi |
| 102 | @aCN@b110000 | |
| 105 | @aa z 000yy | |
| 106 | @ar | |
| 200 | 1 | @a炼油厂装置平面布置及管道设计@9lian you chang zhuang zhi ping mian bu zhi ji guan dao she ji@f张德姜,柯松林,唐永进主编 |
| 210 | @a北京@c中国石化出版社@d2017.4 | |
| 215 | @a372页@c图@d21cm | |
| 225 | 1 | @a炼油厂设计与工程丛书@f李国清丛书主编 |
| 330 | @a本书着重介绍了炼油厂装置平面布置、管道布置、管道器材的设计与选用、管道应力分析等。 | |
| 461 | 0 | @12001 @a炼油厂设计与工程丛书 |
| 606 | 0 | @a炼油厂@x装置@x平面布置 |
| 606 | 0 | @a炼油厂@x管线设计 |
| 690 | @aTE681@v5 | |
| 701 | 0 | @a张德姜@9zhang de jiang@4主编 |
| 701 | 0 | @a柯松林@9ke song lin@4主编 |
| 701 | 0 | @a唐永进@9tang yong jin@4主编 |
| 801 | 0 | @aCN@b91MARC@c20171024 |
| 905 | @b1038170-4@dTE681@f5@e65 | |
| 炼油厂装置平面布置及管道设计/张德姜,柯松林,唐永进主编.-北京:中国石化出版社,2017.4 |
| 372页:图;21cm.-(炼油厂设计与工程丛书/李国清丛书主编) |
| ISBN 978-7-5114-3865-2:CNY45.00 |
| 本书着重介绍了炼油厂装置平面布置、管道布置、管道器材的设计与选用、管道应力分析等。 |
| ● |
| 相关链接 |
|
|
|
|
正题名:炼油厂装置平面布置及管道设计
索取号:TE681/65
 
预约/预借
| 序号 | 登录号 | 条形码 | 馆藏地/架位号 | 状态 | 备注 |
| 1 | 1038170 | 210381709 | 第二样本阅览室/ [索取号:TE681/65] | 在馆 | |
| 2 | 1038171 | 210381718 | 密集书库-生命科学系/ [索取号:TE681/65] | 在馆 | |
| 3 | 1038172 | 210381727 | 第三借阅区/ [索取号:TE681/65] | 在馆 | |
| 4 | 1038173 | 210381736 | 第三借阅区/ [索取号:TE681/65] | 在馆 | |
| 5 | 1038174 | 210381745 | 第三借阅区/ [索取号:TE681/65] | 在馆 |